Catálogo
 En Linea

La victoria estratégica : (Registro nro. 39387)

Detalles MARC
000 -CABECERA
campo de control de longitud fija 00615nam a2200157 a 4500
001 - NÚMERO DE CONTROL
campo de control 000039897
005 - FECHA Y HORA DE LA ÚLTIMA TRANSACCIÓN
campo de control 20240502094959.0
008 - DATOS DE LONGITUD FIJA--INFORMACIÓN GENERAL
campo de control de longitud fija 130729s2010 cu abc 000 0 spa d
020 ## - NÚMERO INTERNACIONAL ESTÁNDAR DEL LIBRO
Número Internacional Estándar del Libro 9789592741040
040 ## - FUENTE DE LA CATALOGACIÓN
Centro catalogador/agencia de origen DO-SdBNP
Lengua de catalogación spa
Centro/agencia transcriptor BNPHU
100 1# - ENTRADA PRINCIPAL--NOMBRE DE PERSONA
Nombre de persona Castro, Fidel
Fechas asociadas al nombre 1926-2016
9 (RLIN) 16971
245 13 - MENCIÓN DE TÍTULO
Título La victoria estratégica :
Resto del título por todos los caminos de la sierra /
Mención de responsabilidad, etc. Fidel Castro Ruz ; cuidado de la edición Katiuska Blanco Castiñeira.
260 ## - PUBLICACIÓN, DISTRIBUCIÓN, ETC.
Lugar de publicación, distribución, etc. La Habana :
Nombre del editor, distribuidor, etc. publicaciones del consejo de estado,
Fecha de publicación, distribución, etc. 2010.
300 ## - DESCRIPCIÓN FÍSICA
Extensión XXXVI, 862 p. :
Otras características físicas il., mapas, retr., facs. ;
Dimensiones 24 cm.
700 1# - PUNTO DE ACCESO ADICIONAL--NOMBRE DE PERSONA
Nombre de persona Blanco, Katiuska,
Término indicativo de función/relación ed.
9 (RLIN) 15940
Existencias
Estado de retiro Estado de pérdida Restricciones de uso No para préstamo Código de colección Localización permanente Ubicación/localización actual Ubicación en estantería Fecha de adquisición Número de inventario Total de préstamos Signatura topográfica completa Código de barras Fecha visto por última vez Precio válido a partir de Tipo de ítem Koha
      Excluido de préstamo Monografías: Libros y Folletos General General En catalogación 29.07.2013 LF1   39897-10 25.06.2020 25.06.2020 No se presta

Con tecnología Koha